000
00255nam a2200097Ia 4500
001
796701
005
20250826170753.0
008
250824s9999 xx 000 0 und d
245
0
_a
GULLİVER İN GEZİLERİ
_c
JONATHAN SWİFT
260
_b
SEDİR YAYINLARI A.Ş.
999
_c
796701
_d
796701